Le pire stagiaire ! - Statistiques

Statistiques générales
  • Ce quiz a été pris 65 fois
  • Le résultat moyen est 9 sur 49
Statistiques - réponses
Indice Prénom / Surnom % Correct
Personnage Louis
79%
Personnage Guillaume
75%
Personnage Samuel
60%
Personnage Grégory
50%
Métier qu'à fait Greg Médecin
48%
Métier qu'à fait Greg Garagiste
44%
Métier qu'à fait Greg Pâtissier
42%
Métier qu'à fait Greg Coiffeur
38%
Métier qu'à fait Greg Assistant Dentaire
33%
Métier qu'à fait Greg Installateur d'alarme
33%
Musique de MC Guillaume Coup de boule
31%
Personnage Etienne
27%
Métier qu'à fait Greg Coach sportif
23%
Métier qu'à fait Greg Pépiniériste
23%
Piégé/e Sebastien
23%
Piégé/e John
19%
Métier qu'à fait Greg Restaurateur
19%
Piégé/e Sabine
19%
Piégé/e Jean
17%
Métier qu'à fait Greg Agent immobilier
15%
Métier qu'à fait Greg Gérant de gite
15%
Piégé/e Damien
13%
Père de Louis François
13%
Musique de MC Guillaume Mélanie
13%
Piégé/e Olivier
13%
Piégé/e Fred
10%
Métier qu'à fait Greg Guide
10%
Piégé/e Nicolas
8%
Piégé/e Otavio
8%
Piégé/e Vanessa
8%
Piégé/e Bilal
6%
Métier qu'à fait Greg Comptable
6%
Piégé/e Elisa
6%
Piégé/e Julie
6%
Piégé/e Anthony
4%
Métier qu'à fait Greg Chauffeur de poids lourd
4%
Piégé/e Jean-Denis
4%
Piégé/e Béatrice
2%
Piégé/e Delphine
2%
Métier qu'à fait Greg Installateur fibre
2%
Métier qu'à fait Greg Officier de navigation
2%
Métier qu'à fait Greg ROS
2%
Métier qu'à fait Greg Animatrice au FabLab
0%
Piégé/e Catherine
0%
Piégé/e Chantal
0%
Métier qu'à fait Greg Chef de projet déploiement
0%
Piégé/e Présililia
0%
Métier qu'à fait Greg Responsable Intégration
0%
Métier qu'à fait Greg Technicient structurant
0%
Aucun quiz correspondant
Distribution des résultats
% des personnes avec chaque résultat
Percentile par nombre de réponses
Votre historique - résultats
Vous n’avez pas pris ce quiz